000 00301nam a2200133Ia 4500
008 240624s9999 xx 000 0 und d
041 _aeng
082 _a657.45 ICF
100 _aICFAI
245 _aAUDITING I
260 _c2006
_aHyderabad
_bICFAI University
300 _a422 : p. ; 26
365 _cRS
999 _c5926
_d5926